Histoire du drapeau du Vatican - Statistiques

Statistiques générales
  • Ce quiz a été pris 63 fois
  • Le résultat moyen est 6 sur 9
Statistiques - réponses
Hint Réponse % Correct
Royaume d'Italie (1870-1929)
94%
République romaine (-509 - -27) et empire Romain (-27 - 476)
85%
Deuxième drapeau du Vatican (drapeau actuel depuis 2023)
75%
Département français du Tibre (1809-1814)
69%
République romaine (1849)
58%
Deuxième drapeau des États pontificaux (1808-1809, 1814-1849 et 1849-1870)
54%
Premier drapeau du Vatican (1929-2023)
50%
Premier drapeau des États pontificaux (754-1798 et 1799-1808)
48%
République romaine (1798-1799)
23%
Aucun quiz correspondant
Distribution des résultats
% des personnes avec chaque résultat
Percentile par nombre de réponses
Votre historique - résultats
Vous n’avez pas pris ce quiz